Financial derivatives : markets and applications in Malaysia

Bibliographic Details
Main Author: Bacha, Obiyathulla Ismath
Format: Book
Published: Serdang : Penerbit Universiti Putra Malaysia , 2001
Subjects:

MARC

LEADER 00000cam a2200000 7i4500
001 0000016971
005 20220315.0
020 |a 983237331X 
040 |a INS 
090 0 0 |a HG6024.M4   |b B33 2001 
100 1 |a Bacha, Obiyathulla Ismath 
245 1 0 |a Financial derivatives :   |b markets and applications in Malaysia   |c Obiyathulla Ismath Bacha 
260 |a Serdang :   |b Penerbit Universiti Putra Malaysia ,   |c 2001 
300 |a viii, 325p. :   |b ill. ;   |c 26cm. 
500 |a Includes index 
650 0 0 |a Derivates securities   |z Malaysia 
650 0 0 |a Financial futures   |z Malaysia 
650 0 0 |a Options(Finance)   |z Malaysia 
999 |a 0000016886   |b BOOK   |c Open Shelf   |e Default branch 
999 |a 0000016887   |b BOOK   |c Open Shelf   |e Default branch 
999 |a 0000016888   |b BOOK   |c Open Shelf   |e Default branch 
999 |a 0000016889   |b BOOK   |c Open Shelf   |e Default branch 
999 |a 0000016890   |b BOOK   |c Open Shelf   |e Default branch 
999 |a 1000000496   |b BOOK   |c Open Shelf   |e Default branch